Welcome to CU Library Online Public Access Catalogue (OPAC)

Universal's Environmental and Pollution Laws (Record no. 910)

MARC details
000 -LEADER
fixed length control field 00479nam a22001457a 4500
005 - DATE AND TIME OF LATEST TRANSACTION
control field 20241108155940.0
008 - FIXED-LENGTH DATA ELEMENTS--GENERAL INFORMATION
fixed length control field 241108b |||||||| |||| 00| 0 eng d
020 ## - INTERNATIONAL STANDARD BOOK NUMBER
International Standard Book Number 9788175349247
100 ## - MAIN ENTRY--PERSONAL NAME
Personal name Mohanty S.K.
245 ## - TITLE STATEMENT
Title Universal's Environmental and Pollution Laws
Remainder of title Containing Acts and Rules
260 ## - PUBLICATION, DISTRIBUTION, ETC.
Place of publication, distribution, etc. New Delhi, India
Name of publisher, distributor, etc. Universal Law Publishing Co. PVT. Ltd.
Date of publication, distribution, etc. 2013
300 ## - PHYSICAL DESCRIPTION
Extent xlviii, 944 pages
Dimensions 25 cm
650 ## - SUBJECT ADDED ENTRY--TOPICAL TERM
Source of heading or term Environmental Pollution Law
General subdivision India
942 ## - ADDED ENTRY ELEMENTS (KOHA)
Source of classification or shelving scheme Library of Congress Classification
Koha item type Books
Suppress in OPAC No
999 ## -
-- 910
-- 910
Holdings
Withdrawn status Lost status Source of classification or shelving scheme Damaged status Not for loan Collection Home library Current library Shelving location Date acquired Total checkouts Full call number Barcode Date last seen Copy number Price effective from Koha item type
    Library of Congress Classification     Non-fiction Law Library (Christ Temple) Law Library (Christ Temple) General stacks 01/17/2025   KNS1507.A28 MOH llct00000176 01/17/2025 5 01/17/2025 Books
    Library of Congress Classification     Non-fiction Law Library (Christ Temple) Law Library (Christ Temple) General stacks 01/17/2025   KNS1507.A28 MOH llct00000179 01/17/2025 6 01/17/2025 Books
    Library of Congress Classification     Non-fiction Law Library (Christ Temple) Law Library (Christ Temple) General stacks 01/17/2025   KNS1507.A28 MOH llct00000180 01/17/2025 7 01/17/2025 Books
    Library of Congress Classification     Non-fiction Law Library (Christ Temple) Law Library (Christ Temple) General stacks 01/17/2025   KNS1507.A28 MOH llct00000181 01/17/2025 8 01/17/2025 Books
    Library of Congress Classification     Non-fiction Law Library (Miotso) Law Library (Miotso) General stacks 11/08/2024   KNS1507.A25 MOH LLM00000748 11/08/2024 1 11/08/2024 Books
    Library of Congress Classification     Non-fiction Law Library (Miotso) Law Library (Miotso) General stacks 11/08/2024   KNS1507.A25 MOH LLM00000749 11/08/2024 2 11/08/2024 Books
    Library of Congress Classification     Non-fiction Law Library (Miotso) Law Library (Miotso) General stacks 11/08/2024   KNS1507.A25 MOH LLM00000750 11/08/2024 3 11/08/2024 Books
    Library of Congress Classification     Non-fiction Law Library (Miotso) Law Library (Miotso) General stacks 11/08/2024   KNS1507.A25 MOH LLM00000751 11/08/2024 4 11/08/2024 Books
© 2023-2024 Copyright: Central University Libraries. All Rights Reserved | Created by: Mahone Tech Office